01163cam a22003137a 4500003000500000005001700005008004100022010001000063011001000073020001800083035001000101040000900111082002100120110000800141245024800149260002300397300004300420490004700463650001400510650002400524650001400548650004200562650001200604700002300616700002200639700002300661711011800684830004700802CHAP20220817042730.0110506s2010 it r 00010 eng d a53739 a54711 a9789251066959 a58862 cCHAP00a631.5bF34y v.112 aFAO13aGrassland carbon sequestration: management, policy and economics :bProceedings of the Workshop on the role of grassland carbon sequestra- tion in the mitigation of climate changec/editado por Michael Abberton, Richard Conant y Caterine Bello aRoma :bFAO,c2010 aix, 338 p. :bilus., gráfs., cuadros 0aFAO. Gestión integrada de cultivosv; 1114aCarbón.14aDioxido de carbono.14aPraderas.14aRecursos naturalesxAdministración.14aSuelos.0 aBatello, Caterina.1 aAbberton, Michael1 aConant, Richard T.22aWorkshop on the Role of Grassland Carbon Sequestration in the Mitigation of Climate Changed(2009 :cRome, Italy)00aFAO. Gestión integrada de cultivosv; 11